000
00205 a2200097 4500
001
31453
100
_a
Kutti P Y
245
_a
Data Structure in C++
260
_a
New Delhi
_b
PHI
_c
090
_c
21337
_d
21337
942
_a
NUST-CAE
_c
M
_c
12600
999
_c
266526
_d
266526